Organizační kultura od sdílených hodnot a cílů k vyšší výkonnosti podniku

Salvato in:
Dettagli Bibliografici
Autore principale: Lukášová, Růžena
Altri autori: Nový, Ivan
Natura: Libro
Lingua:ceco
Pubblicazione: Praha Grada Publishing 2004
Serie:Expert
Soggetti:
Tags: Aggiungi Tag
Nessun Tag, puoi essere il primo ad aggiungerne!!

MARC

LEADER 00000nam$a2200000$$$4500
001 0017307
005 20240306141552.6
020 |a 80-247-0648-2 
041 0 |a cze 
044 |a CZ 
245 1 0 |a Organizační kultura  |b od sdílených hodnot a cílů k vyšší výkonnosti podniku  |c Růžena Lukášová, Ivan Nový a kolektiv 
264 1 |a Praha  |b Grada Publishing  |c 2004 
300 |a 174 s. 
490 1 |a Expert 
830 0 |a Expert 
610 2 0 |a správanie organizačné 
610 2 0 |a kultúra podniková 
610 2 0 |a štruktúra organizačná 
610 2 0 |a stratégia podniková 
610 2 0 |a výkonnosť 
100 1 |a Lukášová, Růžena 
700 1 |a Nový, Ivan